Propuesta de mejora del sistema de tratamiento biológico de lodos activados por aireación extendida de las aguas residuales de la planta del Proyecto Costa Rica Christian School
Zapisane w:
| 1. autor: | |
|---|---|
| Kolejni autorzy: | |
| Format: | Książka |
| Język: | Spanish |
| Wydane: |
San José, Costa Rica
2022
|
| Hasła przedmiotowe: | |
| Etykiety: |
Dodaj etykietę
Nie ma etykietki, Dołącz pierwszą etykiete!
|
MARC
| LEADER | 00000nam a2200000Ia 4500 | ||
|---|---|---|---|
| 003 | 013596 | ||
| 005 | 20230414112354.0 | ||
| 008 | 140114s2022 cr a 000 ||spa d | ||
| 040 | |c cru CEDI | ||
| 100 | |a Villegas Méndez, Génesis Carolina, 1996- |9 440 | ||
| 245 | |a Propuesta de mejora del sistema de tratamiento biológico de lodos activados por aireación extendida de las aguas residuales de la planta del Proyecto Costa Rica Christian School | ||
| 260 | |a San José, Costa Rica |c 2022 | ||
| 500 | |a Proyecto de graduación (licenciatura en ingeniería química)--Universidad de Costa Rica. Facultad de Ingeniería. Escuela de Ingeniería Química | ||
| 501 | |a Director de Proyecto de Graduación: M.Sc. Bernardo Hernán Mora Gómez | ||
| 610 | |x Costa Rica Christian School | ||
| 650 | |x MEJORAMIENTO DE PROCESOS - ANALISIS DE COSTOS |x AIREACION |x PLANTAS PARA TRATAMIENTO DE AGUAS RESIDUALES - EVALUACION |x AGUAS RESIDUALES - INVESTIGACIONES |x TRATAMIENTO DE LODOS |x BIORREACTORES | ||
| 700 | |9 69 |a Mora Gómez, Bernardo Hernán, 1965- |d Director del TFG | ||
| 942 | |c CEDI |h TFG 8747 |6 TFG_8747_000000000000000 | ||
| 999 | |c 22099 |d 22099 | ||
